<?xml version="1.0" encoding="UTF-8"?><?xml-stylesheet type="text/xsl" href="static/style.xsl"?><OAI-PMH xmlns="http://www.openarchives.org/OAI/2.0/" xmlns:xsi="http://www.w3.org/2001/XMLSchema-instance" xsi:schemaLocation="http://www.openarchives.org/OAI/2.0/ http://www.openarchives.org/OAI/2.0/OAI-PMH.xsd"><responseDate>2026-04-27T01:59:31Z</responseDate><request verb="GetRecord" identifier="oai:repisalud.isciii.es:20.500.12105/14269" metadataPrefix="marc">https://repisalud.isciii.es/rest/oai/request</request><GetRecord><record><header><identifier>oai:repisalud.isciii.es:20.500.12105/14269</identifier><datestamp>2025-06-25T11:24:39Z</datestamp><setSpec>com_20.500.12105_2052</setSpec><setSpec>com_20.500.12105_2051</setSpec><setSpec>col_20.500.12105_19608</setSpec><setSpec>col_20.500.12105_19611</setSpec><setSpec>col_20.500.12105_19613</setSpec></header><metadata><record xmlns="http://www.loc.gov/MARC21/slim" xmlns:dcterms="http://purl.org/dc/terms/" xmlns:doc="http://www.lyncode.com/xoai" xmlns:xsi="http://www.w3.org/2001/XMLSchema-instance" xsi:schemaLocation="http://www.loc.gov/MARC21/slim http://www.loc.gov/standards/marcxml/schema/MARC21slim.xsd">
   <leader>00925njm 22002777a 4500</leader>
   <datafield ind2=" " ind1=" " tag="042">
      <subfield code="a">dc</subfield>
   </datafield>
   <datafield ind2=" " ind1=" " tag="720">
      <subfield code="a">Humanes-Navarro, Ana María</subfield>
      <subfield code="e">author</subfield>
   </datafield>
   <datafield ind2=" " ind1=" " tag="720">
      <subfield code="a">Herrador, Zaida</subfield>
      <subfield code="e">author</subfield>
   </datafield>
   <datafield ind2=" " ind1=" " tag="720">
      <subfield code="a">Redondo-Bravo, Lidia</subfield>
      <subfield code="e">author</subfield>
   </datafield>
   <datafield ind2=" " ind1=" " tag="720">
      <subfield code="a">Cruz, Israel</subfield>
      <subfield code="e">author</subfield>
   </datafield>
   <datafield ind2=" " ind1=" " tag="720">
      <subfield code="a">Fernandez Martinez, Beatriz</subfield>
      <subfield code="e">author</subfield>
   </datafield>
   <datafield ind2=" " ind1=" " tag="260">
      <subfield code="c">2021-10</subfield>
   </datafield>
   <datafield ind2=" " ind1=" " tag="520">
      <subfield code="a">Leishmaniasis is endemic and a mandatory reporting disease in Spain since 1982. However, between 1996 and 2014, surveillance on public health was decentralized and only some autonomous regions monitored the disease. The aim of this study is to estimate the incidence of leishmaniasis and to evaluate the extent of underreporting in Spain. A capture-recapture (CRC) study was conducted to calculate the incidence of human leishmaniasis using reports from the National Surveillance Network (RENAVE) and the Hospital Discharge Records of the National Health System (CMBD) for 2016 and 2017. During the study period, 802 cases were reported to RENAVE and there were 1,149 incident hospitalizations related to leishmaniasis. The estimated incidence rates through the CRC study were 0.79 per 100,000 inhabitants for visceral leishmaniasis (VL), 0.88 (cutaneous leishmaniasis (CL)) and 0.12 (mucocutaneous leishmaniasis (MCL)) in 2016 and 0.86 (VL), 1.04 (CL) and 0.12 (MCL) in 2017. An underreporting of 14.7-20.2% for VL and 50.4-55.1% for CL was found. The CRC method has helped us to assess the sensitivity and representativeness of leishmaniasis surveillance in Spain, being a useful tool to assess whether the generalization of leishmaniasis surveillance throughout the Spanish territory achieves a reduction in underreporting.</subfield>
   </datafield>
   <datafield ind1="8" ind2=" " tag="024">
      <subfield code="a">PLoS One. 2021 Oct 29;16(10):e0259225.</subfield>
   </datafield>
   <datafield ind1="8" ind2=" " tag="024">
      <subfield code="a">http://hdl.handle.net/20.500.12105/14269</subfield>
   </datafield>
   <datafield ind1="8" ind2=" " tag="024">
      <subfield code="a">34714890</subfield>
   </datafield>
   <datafield ind1="8" ind2=" " tag="024">
      <subfield code="a">10.1371/journal.pone.0259225</subfield>
   </datafield>
   <datafield ind1="8" ind2=" " tag="024">
      <subfield code="a">1932-6203</subfield>
   </datafield>
   <datafield ind1="8" ind2=" " tag="024">
      <subfield code="a">PloS One</subfield>
   </datafield>
   <datafield ind2="0" ind1="0" tag="245">
      <subfield code="a">Estimating human leishmaniasis burden in Spain using the capture-recapture method, 2016-2017</subfield>
   </datafield>
</record></metadata></record></GetRecord></OAI-PMH>